| 000 | 00656nam a2200265Ia 4500 | ||
|---|---|---|---|
| 008 | 170711s9999 xx 000 0 und d | ||
| 020 | _a53499945X | ||
| 050 | _a310 | ||
| 050 | _bJ688 2005 | ||
| 100 | _aJohnson, Robert | ||
| 245 | _aJust the essentials of elementary statistics / | ||
| 245 | _cby Robert Johnson and Patricia Kuby. | ||
| 250 | _aNineth edition | ||
| 260 | _aUSA : | ||
| 260 | _bThomson, | ||
| 260 | _c2005 | ||
| 300 | _a631 pages : | ||
| 300 | _bcolored illustrations ; | ||
| 300 | _c26cm. | ||
| 300 | _e +CD. | ||
| 500 | _aIncludes index. | ||
| 650 | _aStatistics. | ||
| 700 | _aKuby, Patricia. | ||
| 700 | _aTitle. | ||
| 999 |
_c339867 _d339867 |
||